000 00628nam a2200217Ia 4500
005 20260429111936.0
008 260429s9999||||xx |||||||||||||| ||und||
020 _a9788119808632
041 _aEnglish
082 _a934
_bSUL
100 _aSullerey, S.K.
245 0 _aSome aspects of Chandella history, culture, art and architecture /
_cS.K. Sullerey
250 _a1st ed.
260 _aNew Delhi :
_bB.R. Publishing Corporation,
_c2024.
300 _axxiii, 220 p.; hb
650 _a Art and architecture
650 _a Cultural studies
650 _a Indian history
650 _aChandella dynasty
942 _cTB
999 _c51540
_d51540